Score 0/25 Timer 07:00
2 Plays Today
% Correct
The Hunger Games
93.2%
Star Wars: Episode IV - A New Hope
92.9%
Gladiator
92.5%
Mary Poppins
92%
Wall-E
91.1%
Life of Pi
87.5%
Jurassic Park
86.2%
Harry Potter and the Sorcerer's Stone
85.1%
Gravity
84.8%
Ice Age
84.3%
Psycho
79.1%
Home Alone
78.5%
Breakfast at Tiffany's
76.6%
% Correct
Aladdin
70.9%
Back to the Future Part II
70.4%
Stand By Me
65.9%
Avengers: Age of Ultron
65.2%
Se7en
64.2%
The Dark Knight
63.6%
Sin City
59.7%
Carrie
59.2%
District 9
58.7%
O Brother, Where Art Thou?
51.6%
Casino Royale
44.3%
Unbreakable
36.5%
Remove Ads.
Support Sporcle.
Get the best of Sporcle when you Go Orange. This ad-free experience offers more features, more stats, and more fun while also helping to support Sporcle. Thank you for becoming a member.

You're not logged in!

Compare scores with friends on all Sporcle quizzes.
OR
Log In

Show Comments

Extras

Top Quizzes Today


Score Distribution

Your Account Isn't Verified!

In order to create a playlist on Sporcle, you need to verify the email address you used during registration. Go to your Sporcle Settings to finish the process.

Report this User

Report this user for behavior that violates our Community Guidelines.

Details: